00269nam a2200109 a 4500008004100000050001600041100002400057245002400081260002800105300001700133350000900150120416s1981 ||||||||||||||||| || u aHG 4651 Fis aFisher, Frederick G10aInternational bonds aLondonbEuromoneyc1981 a199p. : ill. a0.00